All Jon Pardi Songs - Statistics

General Stats
  • This quiz has been taken 19 times
  • The average score is 10 of 106
Answer Stats
Song % Correct
Heartache Medication
100%
Head Over Boots
75%
Mr. Saturday Night
69%
Dirt On My Boots
56%
Heartache On The Dance Floor
56%
California Sunrise
50%
Last Night Lonely
44%
Night Shift
44%
Write You A Song
44%
Ain't Always The Cowboy
31%
Tequila Little Time
31%
Can't Turn You Down
25%
Honkytonk Hollywood
25%
She Ain't In It
25%
Friday Night Heartbreaker
19%
That Man
19%
Cowboys And Plowboys
13%
Love Her Like She's Leaving
13%
Lucky Tonight
13%
Me And Jack
13%
Nobody Leaves A Girl Like That
13%
Old Hat
13%
Paycheck
13%
Starlight
13%
Trash A Hotel Room
13%
Up All Night
13%
400 Horsepower Sleigh
6%
Ain't Always The Cowboy - Western Version
6%
All I Want For Christmas Is You
6%
Beer Can't Fix
6%
Boots Off
6%
Buy That Man A Beer
6%
Call Me Country
6%
Cowboy Hat
6%
Don't Blame It On Whiskey
6%
Gamblin' Man
6%
Getting Over Him
6%
Hard Knocks
6%
Just Like Old Times
6%
Neon Light Speed
6%
Oughta Know That
6%
Raincheck
6%
Reverse Cowgirl
6%
Santa Cruz
6%
Somebody's Doin' Me Right
6%
The Day I Stop Dancin'
6%
Tied One On
6%
What I Can't Put Down
6%
Workin' On A New One
6%
Your Heart Or Mine
6%
All Time High
0%
A Long December
0%
Back On The Backroads
0%
Bar Downtown
0%
Bar Room Blue
0%
Beer For Santa
0%
Beer Light
0%
Bigger Than The Beatles
0%
Borrowed Time
0%
Chasin' Them Better Days
0%
Dirt On My Boots - Remix
0%
Don't You Wanna Know
0%
Drinkin' With Me
0%
Empty Beer Cans
0%
Fightin' The Fool
0%
Fill 'Er Up
0%
Happens All The Time
0%
He Went To Work
0%
Hey California
0%
Honky Tonk Man
0%
Hung The Moon
0%
In Love With My Problems (feat. Jon Pardi)
0%
I've Been Bad, Santa
0%
Killin' Time
0%
Kinda Wanna Keep It That Way
0%
Last Call Thing
0%
Let It Snow, Let It Snow, Let It Snow
0%
Longneck Way To Go
0%
Love The Lights Out
0%
Love You From Here
0%
Marina Del Rey
0%
Merry Christmas From The Keys
0%
Missin' You Crazy
0%
My Next Broken Heart - with Jon Pardi
0%
New Place To Drink
0%
Nice Place To Visit
0%
Nothing Compares 2 U
0%
Out Of Style
0%
Over My Head
0%
Please Come Home For Christmas
0%
Prop Me Up Beside The Jukebox (If I Die)
0%
Rainy Night Song
0%
Reindeer
0%
Right Or Wrong
0%
Rush
0%
Santa Looked A Lot Like Daddy
0%
She Drives Away
0%
She Gets To Drinking
0%
Smokin' A Doobie
0%
Swing On Down To Texas
0%
The Bottle Let Me Down
0%
The Waiting
0%
When I've Been Drinkin'
0%
Wherever I May Roam
0%
Who I Don't Wanna Be
0%
Winter Wonderland
0%
No matching quizzes found
Score Distribution
Percent of People with Each Score
Percentile by Number Answered
Your Score History
You have not taken this quiz